Common 1990s girls names - Statistics

General Stats
  • This quiz has been taken 181 times
    28 since last reset
  • The average score is 25 of 43
Answer Stats
Answer % Correct
Emily
90%
Sarah
90%
Emma
86%
Rachel
86%
Amy
81%
Elizabeth
81%
Jessica
81%
Katherine
81%
Rebecca
81%
Abigail
76%
Hannah
76%
Nicole
76%
Stephanie
76%
Ashley
71%
Laura
71%
Samantha
71%
Zoe
67%
Katie
62%
Lisa
62%
Natalie
62%
Alexandra
57%
Charlotte
57%
Kelly
57%
Lauren
57%
Lucy
57%
Maria
57%
Sophie
57%
Claire
52%
Michelle
52%
Megan
48%
Stacey
48%
Dannielle
43%
Gemma
38%
Holly
38%
Kayleigh
38%
Kimberly
38%
Nicola
38%
Louise
33%
Josie
24%
Jodie
19%
Tanya
19%
Kirsty
14%
Franchesca
5%
No matching quizzes found
Score Distribution
Percent of People with Each Score
Percentile by Number Answered
Your Score History
You have not taken this quiz since the last reset